000 00965cam a2200301 i 4500
999 _c75924
_d23900
001 75924
003 TR-AnTOB
005 20231201001323.0
007 ta
008 090806s2003 tu t tu tur d
040 _aTR-AnTOB
_beng
_erda
_cTR-AnTOB
041 0 _atur
050 4 _aKKX1264
_b.Y46
090 _aKKX1264 .Y46
111 2 _aYeni İş Yasası
_d(2003 :
_cÇeşme)
_958032
245 0 _aYeni iş yasası :
_bSeminer notları ve iş kanunu 25-29 Haziran 2003 Çeşme.
264 1 _aÇeşme :
_bTürkiye Toprak Seramik Çimento ve Cam Sanayii İşverenleri Sendikası,
_c2003.
300 _a270 pages ;
_c24 cm
336 _atext
_btxt
_2rdacontent
337 _aunmediated
_bn
_2rdamedia
338 _avolume
_bnc
_2rdacarrier
650 _aLabor laws and legislation
_zTurkey
_919093
650 7 _aİş hukuku ve mevzuatı
_zTürkiye
_2
_958185
902 _a0030866 (023063)
903 _aMerkez Kutuphane
942 _cBK
_2lcc